| 000 -LEADER |
| fixed length control field |
00814nam a22001337a 4500 |
| 040 ## - CATALOGING SOURCE |
| Transcribing agency |
RUA |
| 082 ## - DEWEY DECIMAL CLASSIFICATION NUMBER |
| Classification number |
VEM SAR 2024 B1.330 Or.1 |
| 100 ## - MAIN ENTRY--AUTHOR NAME |
| Personal name |
SARIN SINGVORO, សារិន្ទ សំវរោ |
| 245 ## - TITLE STATEMENT |
| Title |
The Antibody titer of newcastle disease of chicken at the animal science experimental station of the royal university of Agriculture, កម្រិតអង់ទីករនៃជំងឺញ៉ូវកាសលើមាន់ នៅស្ថានីយពិសោធន៍ វិទ្យាសាស្រ្តសត្វ នៃសាកលវិទ្យាល័យភូមិន្ទកសិកម្ម |
| 260 ## - PUBLICATION, DISTRIBUTION, ETC. (IMPRINT) |
| Place of publication |
PHNOM PENH |
| Name of publisher |
RUA |
| Year of publication |
2024 |
| 300 ## - PHYSICAL DESCRIPTION |
| Number of Pages |
x, |
| Other physical details |
ill, |
| Dimensions |
29cm, |
| 856 ## - ELECTRONIC LOCATION AND ACCESS |
| Uniform Resource Identifier |
https://drive.google.com/file/d/11f5z9nu8-Kc-S97iwwzNuCLQC-gvNYSV/view?usp=sharing |
| 942 ## - ADDED ENTRY ELEMENTS (KOHA) |
| Koha item type |
VEM |
| 952 ## - LOCATION AND ITEM INFORMATION (KOHA) |
| Withdrawn status [LOCAL, KOHA] |
0 |
| 952 ## - LOCATION AND ITEM INFORMATION (KOHA) |
| Withdrawn status [LOCAL, KOHA] |
0 |